INDIA'S 2009 ELECTIONS (Record no. 31827)

MARC details
000 -LEADER
fixed length control field 00287nam a22001337a 4500
003 - CONTROL NUMBER IDENTIFIER
control field SGT
020 ## - INTERNATIONAL STANDARD BOOK NUMBER
International Standard Book Number 9788132103831
082 ## - DEWEY DECIMAL CLASSIFICATION NUMBER
Classification number 324.954
Item number I11W
100 ## - MAIN ENTRY--PERSONAL NAME
Personal name WALLACE, PAUL
245 ## - TITLE STATEMENT
Title INDIA'S 2009 ELECTIONS
260 ## - PUBLICATION, DISTRIBUTION, ETC. (IMPRINT)
Name of publisher, distributor, etc SAGE PUBLICATIONS
Year of Publication 2011
300 ## - PAGE DESCRIPTION
No. of Pages 412
942 ## - ADDED ENTRY ELEMENTS (KOHA)
Source of classification or shelving scheme Dewey Decimal Classification
Koha item type Books
Holdings
Withdrawn status Lost status Source of classification or shelving scheme Damaged status Not for loan Home library Current library Shelving location Date acquired SGTU Total Checkouts Full call number Accession No. (Barcode) Date last seen Bill Date Koha item type
    Dewey Decimal Classification   Not For Loan SGT Chancellor's Library SGT Chancellor's Library Reference Book 03/07/2025 SGTU   324.954 I11W CH3826 03/07/2025 03/07/2025 Books